LEADER 01036nam a2200229 i 4500 001 000000005248 003 CaOOAMICUS 005 20180830125437.0 008 180830s1885 it u000 u ita u 040 $aSeMil$bita 245 13$aIl Sillabo di Pio 9. /$ccommentato da mons. Pietro Rota, arcivescovo di Tebe e canonico di S. Pietro al vaticano ; Dedicato a Sua Santità Leone 13. felicemente regnante. 260 $aMilano :$bBiblioteca Cattolica Circolare,$c1885. 300 $a2 v. ;$c18 cm. 650 4$aPio IX - Encicliche . Quanta cura - Sillabo.$0(OLS)http://semarc/subject/843 700 1 $aRota, Pietro <1805-1890>.$0(OLS)http://semarc/name/3004 700 0 $aPius IX,$c.$0(OLS)http://semarc/name/3003 774 0 $tVol. 1.$g1$w()44852 774 0 $tVol. 2.$g2$w()213892 900 0 $aPio IX$c. 996 $6245$aIl Sillabo di Pio 9.$9(OLS)http://semarc/title/7411 996 $6260$aMilano :$bBiblioteca Cattolica Circolare$9(OLS)http://semarc/publisher/31445 LEADER 00971nam a2200205 i 4500 001 000000197553 003 CaOOAMICUS 005 20110215000000.0 008 110215s1595 it u000 u ita u 013 $a176240 040 $aSeMil$bita 245 13$aLa nobiltà di Milano, divisa in sei libri. 260 $aMilano :$bNella stampa del quondam Pacifico Pontio,$c1595. 300 $a16 x 21,5 ;$cpp. 376 ;$crom. 500 $aDescrizione da : Incunaboli e Cinquecentine della Biblioteca del Seminario di Milano / catalogo a cura di Ubaldo Valentini, Milano 1981. - Numero di catalogo : 1134. 700 1 $aMorigia, Paolo,$d<1525-1604>.$0(OLS)http://semarc/name/38237 850 $aSeMil 852 $aSeMil$W1$xVenegono$y1$mFV.D VI 13$j148112$B148112$CSeMilBibl$Z2$F159534 $86 996 $6245$aLa nobiltà di Milano, divisa in sei libri$9(OLS)http://semarc/title/285265 996 $6260$aMilano :$bNella stampa del quondam Pacifico Pontio$9(OLS)http://semarc/publisher/51011